01212nam a22002297a 45000010005000000030006000050050017000110080041000280200018000690400029000870500009001160820011001251000018001362450037001542600049001913000058002405040007002985200592003055210027008975210018009246500040009427681FISKH20250731083945.0250731b cb ||||| |||| 00| 0 eng d a9781846109072 aFISKHbengcFISKHdFISKH aPZ7  a823.92 aBugbird, Tim  aPeek a boo ! : bPerfect pets /  aHertforshire : bMake Believe Ideas, c2008. a10 unnumbered pages : bcolor illustrations ; c18 cm aD  aPeek A Boo! is a series of lively animal board books with full-page fold-out flaps, that unfold to reveal where the animals are hiding and what they are up to. These titles look at baby animals, farm animals, perfect pets and wacky wild animals. Bold and beautiful photography of cute baby animals, wonderful wild animals and funny farm animals will stimulate and encourage children to participate in the animals' hide-and-seek! With touch and feel areas to explore, and a lively combination of photography and artwork, toddlers will want to read these stimulating books again and again.8 a160 bLexile estimate 8 aD bRaz-Plus  aAnimals vGeneralxBoard BookyPets